Ilyen a történelem... Lukács György, kora és kortársai a tanítvány emlékeiben. Beszélgetés Heller Ágnes professzorral
Elmentve itt :
| Szerző: | |
|---|---|
| További közreműködők: | |
| Adatforrás: | Philobibl |
| Forrásdokumentuma: | Társadalmi Szemle 47.1992:1. 12-21. p. |
| Dokumentumtípus: | Cikk |
| Nyelv: | magyar |
| Kulcsszavak: | Lukács György filozófiatörténet, magyar |
| Online elérés: | előfizetéssel hozzáférhető |
| LEADER | 00707nab a2200157 c 4500 | ||
|---|---|---|---|
| 001 | bibDOK00004012 | ||
| 005 | 20230519092325.2 | ||
| 008 | 060518s1992 hu hun | ||
| 100 | 1 | |a Heller Ágnes | |
| 245 | 1 | 0 | |a Ilyen a történelem... |b Lukács György, kora és kortársai a tanítvány emlékeiben. Beszélgetés Heller Ágnes professzorral |c [Az interjút Könczöl Csaba és Vitézy László készítette] |
| 695 | |a Lukács György | ||
| 695 | |a filozófiatörténet, magyar | ||
| 700 | 1 | |a Könczöl Csaba | |
| 700 | 1 | |a Vitézy László | |
| 773 | 0 | |t Társadalmi Szemle |g 47.1992:1. 12-21. p. | |
| 856 | 4 | 1 | |3 Full text |u https://adt.arcanum.com/hu/view/TarsadalmiSzemle_1992/?pg=13&layout=s |z előfizetéssel hozzáférhető |